Common Insects of Mongolia. (Registro nro. 20539)

Detalles MARC
000 -CABECERA
Campo de control 01030nam a22003377a 4500
005 - FECHA Y HORA DE LA ULTIMA TRANSACCION
Campo de control 20191030110718.0
008 - ELEMENTOS DE LONGITUD FIJA—INFORMACION GENERAL
Campo de control 191030b xxu||||| |||| 00| 0 spa d
020 ## - ISBN
ISBN 9788968112584
040 ## - FUENTE DE CATALOGACIÓN
Agencia catalogadora original CO-BoIAVH
Agencia transcriptora CO-BoIAVH
041 ## - IDIOMA
Código de idioma para texto/pista de sonido o título separado Inglés
044 ## - PAÍS DE PUBLICACIÓN
País de publicación Corea (Sur)
082 ## - NUMERO DE CLASIFICACION DECIMAL DEWEY
Número de clasificación 595.71782
Número del ítem B34c
100 ## - ASIENTO PRINCIPAL--NOMBRE PERSONAL
9 (RLIN) 101851
Nombre personal Bayartogtokh, Badamdorj
245 ## - MENCION DE TITULO
Título Common Insects of Mongolia.
260 ## - PUBLICACION, DISTRIBUCION, ETC. (PIE DE IMPRENTA)
Lugar de publicación, distribución, etc. Incheon:
Nombre del editor, distribuidor, etc. National Institute of Biological Resources,
Fecha de publicación, distribución, etc. 2016.
300 ## - DESCRIPCION FISICA
Extensión 468 Páginas:
Otros detalles físicos fotografías,
Dimensiones 22 x 15 cm.
650 #0 - ASIENTO SECUNDARIO DE MATERIA - TERMINO TEMATICO
9 (RLIN) 72878
Término temático o nombre geográfico como elemento de entrada Catálogo especies
650 #0 - ASIENTO SECUNDARIO DE MATERIA - TERMINO TEMATICO
9 (RLIN) 38645
Término temático o nombre geográfico como elemento de entrada Insectos
Subdivisión general Anatomia.
650 #0 - ASIENTO SECUNDARIO DE MATERIA - TERMINO TEMATICO
9 (RLIN) 54
Término temático o nombre geográfico como elemento de entrada Biodiversidad
651 #0 - ASIENTO SECUNDARIO DE MATERIA - NOMBRE GEOGRAFICO
9 (RLIN) 101857
Nombre geográfico Cambodia
Subdivisión geográfica Asia
700 ## - ASIENTO SECUNDARIO - NOMBRE PERSONAL
9 (RLIN) 101794
Nombre personal Suh, Min-Hwan
700 ## - ASIENTO SECUNDARIO - NOMBRE PERSONAL
9 (RLIN) 101852
Nombre personal Oh, Kyoung-Hee
700 ## - ASIENTO SECUNDARIO - NOMBRE PERSONAL
9 (RLIN) 101796
Nombre personal Kang, Jae-Shin
700 ## - ASIENTO SECUNDARIO - NOMBRE PERSONAL
9 (RLIN) 101854
Nombre personal Hyun, Chang-Woo
700 ## - ASIENTO SECUNDARIO - NOMBRE PERSONAL
9 (RLIN) 101797
Nombre personal Lee, Jaeho
700 ## - ASIENTO SECUNDARIO - NOMBRE PERSONAL
9 (RLIN) 101798
Nombre personal Jeon, Mi-Jeong
700 ## - ASIENTO SECUNDARIO - NOMBRE PERSONAL
9 (RLIN) 101814
Nombre personal Shin, Ayoung
700 ## - ASIENTO SECUNDARIO - NOMBRE PERSONAL
9 (RLIN) 101813
Nombre personal Oh, Sunhye
700 ## - ASIENTO SECUNDARIO - NOMBRE PERSONAL
9 (RLIN) 101856
Nombre personal Park, Yu-Jin
942 ## - ELEMENTOS ADICIONALES (KOHA)
Sistema de clasificación Dewey Decimal Classification
Tipo de ítem Libro
Existencias
Withdrawn status Lost status Sistema de Clasificación Damaged status No para préstamo Colección Ubicación Permanente Ubicación actual Fecha de adquisición Total Checkouts Número topográfico Inventario / Código de Barras Date last seen Ejemplar Price effective from Forma de adquisición Tipo de material
    Dewey Decimal Classification     General Bogotá Bogotá 30/10/2019   LB-595.71782 B34c 043660 30/10/2019 Ej.1 30/10/2019 Canje Libro